| 000 | 00372 a2200145 4500 | ||
|---|---|---|---|
| 999 |
_c4716 _d4716 |
||
| 020 | _a1779000057 | ||
| 050 | _aPL8379.9 SOY 1963 | ||
| 100 | _aSoyinka, Wole | ||
| 245 |
_aThe Lion and the Jewel / _cWole Soyinka |
||
| 264 |
_aHarare _bCollege Press _c1963 |
||
| 300 | _a68p. : | ||
| 500 | _aEnglish fiction | ||
| 650 | _aAfrican folklore | ||
| 942 |
_2lcc _cBK _h8379.9 _iSOY _kPL |
||